| 000 | 01071cam a2200313 a 4500 | ||
|---|---|---|---|
| 001 | 14816182 | ||
| 003 | OSt | ||
| 005 | 20231102155516.0 | ||
| 008 | 981020s1998 nyu 000 0 eng d | ||
| 010 | _a 2007554658 | ||
| 020 | _a188305883X | ||
| 040 |
_aCLU _cCLU _dMH _dCStRLIN _dPPT _dDLC |
||
| 041 | 1 |
_aeng _hper |
|
| 042 | _alccopycat | ||
| 043 | _aa-ir--- | ||
| 050 | 0 | 0 |
_aBP63.I68 _bK478 1998 |
| 082 |
_a297.09 _bKHA/I |
||
| 100 | 1 |
_aKhātamī, Muḥammad _99811 |
|
| 245 | 1 | 0 |
_aIslam, liberty, and development / _cby Mohammad Khatami. |
| 260 |
_aBinghamton, N.Y. : _bInstitute of Global Cultural Studies, Binghamton University, _c1998. |
||
| 300 |
_ax, 156 p. ; _c22 cm. |
||
| 600 | 1 | 0 |
_aKhātamī, Muḥammad _xPolitical and social views. |
| 650 | 0 |
_aIslam _zIran _y20th century. |
|
| 650 | 0 |
_aIslam and politics _zIran. |
|
| 651 | 0 |
_aIran _xPolitics and government _y1979-1997. |
|
| 906 |
_a7 _bcbc _ccopycat _d3 _encip _f20 _gy-gencatlg |
||
| 942 |
_2ddc _cBK _h297.09 _iKHA/I _k297.09 _mKHA/I |
||
| 999 |
_c42759 _d42759 |
||